000 00595nam a22002177a 4500
005 20250618113314.0
008 250618b |||||||| |||| 00| 0 eng d
020 _a978-0-7167-2850-4
_cRs.9969.00
040 _aLoreto College
041 _aEnglish
082 _a155.2
_bBAN
100 _aBandura,Albert
245 _aSelf-efficacy
_bthe excercise of control
_cAlbert Bandura
260 _aNew York
_bW.H. freeman and company
_c©1997
300 _a604p.
_b23cm.
504 _aIncludes index
650 _aControl-Psychology
650 _aSelf-efficacy
850 _aLCLIB
942 _cBK
999 _c44115
_d94594